Aníbal, su incapacidad política y la debilidad de los tratados

Saved in:
Bibliographic Details
Main Author: Buono-Core Varas, Raúl Andrés
Format: Book
Language:Spanish
Published: Viña del Mar, Chile Pontificia Universidad Católica de Valparaíso. Instituto de Historia 2004
Subjects:
Tags: Add Tag
No Tags, Be the first to tag this record!

MARC

LEADER 00000cam a2200000 a 4500
001 UCF4506
003 CL-VaPUC
005 20210923074627.0
008 121213e20040000cl 1 spa d
999 |c 384721  |d 384719 
040 |c Pontificia Universidad Católica de Valparaíso 
082 0 4 |a 937.04 BUO 2004  |2 21 
100 1 |a Buono-Core Varas, Raúl Andrés  |9 621970 
245 1 0 |a Aníbal, su incapacidad política y la debilidad de los tratados 
246 1 0 |a XXI Semana de Estudios Romanos 
260 0 3 |a Viña del Mar, Chile  |b Pontificia Universidad Católica de Valparaíso. Instituto de Historia  |c 2004 
300 |a VHS 
518 |p Semana de Estudios Romanos, 21, Viña del Mar, 26 al 29 de octubre de 2004 
546 |a En Español 
583 |a last modification  |c 20191004 11:39:25  |k Rodrigo Vera 
600 0 |a Aníbal de Cartago  |d  247 a.C-182 a.C  |9 438168 
650 0 0 |a Historia antigua  |9 267521 
650 0 0 |a Guerras púnicas  |9 318990 
650 0 7 |a COLONIZACION ROMANA  |2 CL-VaPUC  |9 621598 
650 0 7 |a COLONIAS ROMANAS  |2 CL-VaPUC  |9 621599 
651 0 |a Roma   |9 255106 
651 0 |a Cartago  |9 320485 
942 |c BK  |2 ddc 
945 |a dcastane  |d 20121213 00:00:00 
952 |0 0  |1 0  |2 ddc  |4 0  |6 937_040000000000000_BUO_2004  |7 0  |8 R  |9 507645  |a BIBHIS  |b BIBHIS  |d 2020-01-23  |h vhs  |i 4855450  |o 937.04 BUO 2004  |p 4855450  |r 2020-01-23  |t 1  |w 2020-01-23  |y BK_R  |k HIS